Countries of Little Britain Abroad - Statistics

General Stats
  • This quiz has been taken 29 times
  • The average score is 8 of 14
Answer Stats
Hint Answer % Correct
Lou takes Andy to this fun place in Florida Disney World
85%
Marjory Dawes does a Fat Fighters swap session in this country United States
81%
Maggie is sympathetic to the fascist dictator of this country she holidays in Italy
77%
Carol Beer's package holiday in a nutshell: "If you look to your left, you'll see _____" Spain
77%
Anne damages a priceless piece of art in this country France
69%
Vicky Pollard is done for drug trafficking in this country, 'Just north of Shirtland' Thailand
69%
Bubbles Devere goes skiing in this country Switzerland
62%
Sebastian and the prime minister visit this American building for an important meeting The White House
62%
And then assaults a religious leader in this country Vatican City
50%
Dudley and Ting-Tong honeymoon at a campsite in this country Belgium
42%
Kenny Craig bumps into Paul McKenna in a hotel in this country Portugal
42%
Myfanwy opens a bar on this Greek island Mykonos
35%
And bothers Ronnie Corbett in this country Monaco
27%
Mr Mann's search for a 'pirate memory game' brings him to this country Morocco
23%
No matching quizzes found
Score Distribution
Percent of People with Each Score
Percentile by Number Answered
Your Score History
You have not taken this quiz